| 000 | 00988nam a22002417a 4500 | ||
|---|---|---|---|
| 005 | 20170810141339.0 | ||
| 010 | _a1516EN07 ENG-113157 | ||
| 020 |
_c295.00 _a9788170949374 |
||
| 035 | _aEN-96689 | ||
| 035 | _aB-600817-838 | ||
| 035 | _aB-6660101 | ||
| 037 | _bDBAD/PUB | ||
| 037 |
_bPragati/VEN _adpl |
||
| 082 | _a344.540176134 | ||
| 100 | _aTalwar, Rajesh | ||
| 245 |
_aHow to choose a lawyer-and win your case / _cby Rajesh Talwar |
||
| 260 |
_bVision Books _c2015 _aNew Delhi |
||
| 270 |
_bNew Delhi _e110024 _a24 Feroze Gandhi Road, Lajpat Nagar 3 |
||
| 300 |
_a152p. _c22cm(pbk) |
||
| 942 |
_2ddc _cEN _mTAL _h344.540176134 |
||
| 999 |
_c93826 _d93826 |
||